Statistics for Countries Containing "M" In Their Name

Click here to take the quiz!

General Stats

  • This quiz has been taken 124 times
    (110 since last reset)
  • The average score is 25 of 35

Answer Stats

Country% Correct
Colombia
84%
Denmark
84%
Armenia
82%
Panama
82%
Dominican Republic
80%
Dominica
79%
Namibia
79%
Bahamas
78%
Guatemala
78%
United States of America
78%
Zambia
78%
United Arab Emirates
77%
Cambodia
76%
Oman
76%
Turkmenistan
74%
Zimbabwe
74%
San Marino
73%
Yemen
73%
Gambia
72%
Somalia
72%
Democratic Republic of the Congo
70%
Luxembourg
70%
United Kingdom
70%
Suriname
68%
Samoa
67%
Romania
66%
Cameroon
63%
Sao Tome and Principe
63%
Germany
62%
Jamaica
62%
Comoros
61%
Fed. States of Micronesia
55%
North Macedonia
55%
East Timor
44%
Solomon Islands
38%

Score Distribution

Percentile by Number Answered

Percent of People with Each Score

Your Score History

You have not taken this quiz since the last reset